| 000 | 00533nam a22001697a 4500 | ||
|---|---|---|---|
| 999 |
_c526343 _d526343 |
||
| 003 | NUST | ||
| 038 | _aMr. Zahoor | ||
| 082 | _a621.39 | ||
| 100 |
_aHaq, Anam _917328 |
||
| 245 |
_aAutomated Detection of Wet Aged Related Macular Degeneration Using Optical Coherence Tomographic Images / _cAnam Haq |
||
| 260 |
_aIslamabad : _bCEME - NUST, _c2014. |
||
| 300 |
_axii, 68 p. : ill. ; _c30cm. |
||
| 500 | _aHardcover. | ||
| 650 |
_aComputer Engineering - MS Thesis _916083 |
||
| 700 |
_aDr. Shoab Ahmad Khan _916279 |
||
| 942 |
_2ddc _cTHE |
||